Earn what you're worth / (Record no. 6285)

MARC details
000 -LEADER
fixed length control field 01280cam a22003014a 4500
005 - DATE AND TIME OF LATEST TRANSACTION
control field 20250703122417.0
008 - FIXED-LENGTH DATA ELEMENTS--GENERAL INFORMATION
fixed length control field 040615s2005 nyu 001 0 eng
020 ## - INTERNATIONAL STANDARD BOOK NUMBER
International Standard Book Number 0399530630
040 ## - CATALOGING SOURCE
Transcribing agency None
082 00 - DEWEY DECIMAL CLASSIFICATION NUMBER
Classification number 650.12082 WIL
100 1# - MAIN ENTRY--PERSONAL NAME
Personal name Williams, Nicole,
9 (RLIN) 14421
245 10 - TITLE STATEMENT
Title Earn what you're worth /
Statement of responsibility, etc. Nicole Williams with Cheri Hanson.
250 ## - EDITION STATEMENT
Edition statement Perigee trade paperback ed.
260 ## - PUBLICATION, DISTRIBUTION, ETC.
Place of publication, distribution, etc. New York :
Name of publisher, distributor, etc. Perigee Books,
Date of publication, distribution, etc. c2005.
300 ## - PHYSICAL DESCRIPTION
Extent xiv, 192 p. ;
Dimensions 23 cm.
500 ## - GENERAL NOTE
General note Includes index.
650 #0 - SUBJECT ADDED ENTRY--TOPICAL TERM
Topical term or geographic name entry element Wages
General subdivision Women.
9 (RLIN) 14422
650 #0 - SUBJECT ADDED ENTRY--TOPICAL TERM
Topical term or geographic name entry element Wealth
General subdivision Psychological aspects.
9 (RLIN) 14423
650 #0 - SUBJECT ADDED ENTRY--TOPICAL TERM
Topical term or geographic name entry element Achievement motivation in women.
9 (RLIN) 14424
650 #0 - SUBJECT ADDED ENTRY--TOPICAL TERM
Topical term or geographic name entry element Success
General subdivision Psychological aspects.
9 (RLIN) 14425
650 #0 - SUBJECT ADDED ENTRY--TOPICAL TERM
Topical term or geographic name entry element Businesswomen
Geographic subdivision United States
Form subdivision Interviews.
9 (RLIN) 14426
650 #0 - SUBJECT ADDED ENTRY--TOPICAL TERM
Topical term or geographic name entry element Women in the professions
Geographic subdivision United States
Form subdivision Interviews.
9 (RLIN) 14427
856 42 - ELECTRONIC LOCATION AND ACCESS
Materials specified Contributor biographical information
Uniform Resource Identifier <a href="http://www.loc.gov/catdir/enhancements/fy0717/2004053362-b.html">http://www.loc.gov/catdir/enhancements/fy0717/2004053362-b.html</a>
856 42 - ELECTRONIC LOCATION AND ACCESS
Materials specified Publisher description
Uniform Resource Identifier <a href="http://www.loc.gov/catdir/enhancements/fy0717/2004053362-d.html">http://www.loc.gov/catdir/enhancements/fy0717/2004053362-d.html</a>
942 ## - ADDED ENTRY ELEMENTS (KOHA)
Source of classification or shelving scheme Dewey Decimal Classification
Koha item type Books
Holdings
Withdrawn status Lost status Source of classification or shelving scheme Damaged status Not for loan Home library Current library Shelving location Date acquired Total Checkouts Total Renewals Full call number Barcode Date due Date last seen Date last checked out Price effective from Koha item type
    Dewey Decimal Classification     Main Library Main Library Open Shelves 07/03/2025 1 1 650.12082 WIL 2020-0983 05/12/2026 04/13/2026 04/13/2026 07/03/2025 Books

Lira University Library | Lira University P.O Box 1035 Lira, Uganda
Tel : +256471660489 E-mail : library@lirauni.ac.ug